000 00299nam a22001217a 4500
020 _a978-1-904994-57-2
082 _a001
_bCAR/G
100 _aGLENDAY, CRAIG
245 _aGUINNESS WORLD RECORD 2011
260 _aUSA
_bTHE JIM PATTSON GROUP
650 _aGENERAL KNOWLEDGE
_zUNITED STATES
942 _cBK
999 _c1898
_d1898